Нормален изглед
MARC изглед
- 10-ти клас
Вход 08. Ключови думи
001 - Контролен номер на записа
- Контролно поле: 390621
003 - Код на организацията, даваща контролен номер
- Контролно поле: BLK
005 - Дата и час на последна промяна на записа
- Контролно поле: 20181112120536.0
008 - Данни с фиксирана дължина – обща информация
- Данни с фиксирана дължина : 181112|| aca||aabn | a|a d
153 ## - Ключови думи
- Ключова дума: 10-ти клас
942 ## - Системна служебна употреба
- Koha auth type: KEW